000
00323nam a2200133Ia 4500
008
230901s2011 xx 000 0 und d
041
_a
eng
082
_a
810
100
_a
Dr.Kama
245
_a
Dletary Guidelines for Indians A Manual
260
_b
National Ins..Hyderabad
_c
2011
300
_a
470
650
_a
OTHER BOOK
999
_c
870763
_d
870763